[Event "TOP 20"]
[Site "Comite Loire Echecs"]
[Date "2005.05.21"]
[Round "9.8"]
[White "Garon, Pierre"]
[Black "Minchilli, Franco"]
[Result "1-0"]
[WhiteElo "1974"]
[BlackElo "1690"]
[PlyCount "79"]
[EventDate "2005.??.??"]

1. d4 Nf6 2. Nf3 e6 3. Nbd2 d5 4. e3 Be7 5. Bd3 Nbd7 6. O-O c5 7. c3 a6 8. Re1
Qc7 9. a3 b5 10. e4 O-O 11. e5 Ne8 12. Nf1 f6 13. Bd2 g6 14. exf6 Ndxf6 15. b4
c4 16. Bc2 Bd6 17. Ne5 Bxe5 18. Rxe5 Nd6 19. f3 Nf7 20. Re2 Nh5 21. Ne3 Ng5 22.
Ng4 Qe7 23. Ne5 Nf4 24. Re1 Nh5 25. Be3 Ng7 26. Qd2 Nf7 27. Ng4 Nf5 28. Bf4 h5
29. Ne5 Nxe5 30. Rxe5 Rf7 31. Rae1 Qh4 32. Bg5 Qxe1+ 33. Qxe1 Bd7 34. g4 hxg4
35. fxg4 Raf8 36. gxf5 exf5 37. Re7 Kg7 38. Qe5+ Kh7 39. Rxf7+ Rxf7 40. Qxd5
1-0

[Event "TOP 20"]
[Site "Comite Loire Echecs"]
[Date "2005.05.21"]
[Round "9.9"]
[White "Doran, Niall"]
[Black "Desassis, Jean-Francois"]
[Result "1-0"]
[WhiteElo "1740"]
[BlackElo "1540"]
[PlyCount "37"]
[EventDate "2005.??.??"]

1. e4 d6 2. d4 Nf6 3. Nc3 g6 4. Bg5 Bg7 5. Qd2 O-O 6. O-O-O Re8 7. h4 b6 8. Bh6
Bh8 9. h5 c5 10. dxc5 bxc5 11. hxg6 fxg6 12. e5 Ng4 13. Qd5+ e6 14. Qxa8 Qb6
15. Rxd6 Qb4 16. a3 Qa5 17. Qxb8 Bxe5 18. Qb5 Qc7 19. Qxe8# 1-0